Catalog

Record Details

Catalog Search



Obětní beránek  Cover Image Book Book

Obětní beránek / René Girard ; [z francouzského originálu přeložila Helena Beguivinová]

Record details

  • ISBN: 80-7106-255-3
  • Physical Description: 251 s. ; 21 cm
  • Publisher: Praha : NLN, Nakladatelství Lidové noviny, 1997

Content descriptions

General Note:
Poznámky
Bibliography, etc. Note:
Obsahuje bibliografické odkazy a rejstřík
Subject: mýty > perzekuční stereotypy
násilí > sociologické aspekty
oběť > sociologické aspekty
Genre: studie

Available copies

  • 1 of 1 copy available at Common Catalog SPOK.

Holds

  • 0 current holds with 1 total copy.
Show Only Available Copies
Location Call Number / Copy Notes Barcode Shelving Location Status Due Date
Jabok Library RE-2.2.2 424480039514 Odborná literatura Available -

LDR 01679nam a2200433 a 4500
0018419
003CZ-PrJAB
00520220526085229.0
007tu
008980414s1997 xr e 001 0 cze
015 . ‡acnb000304722
020 . ‡a80-7106-255-3 ‡q(váz.) : ‡cKč 195,00
035 . ‡a(CZ PrNK)cpk19980304722
035 . ‡a(OCoLC)40091685
040 . ‡aOSA001 ‡bcze ‡dABA001
0411 . ‡acze ‡hfre
072 7. ‡a2-1 ‡xPřirozená teologie. Náboženská filozofie ‡2Konspekt ‡95
080 . ‡a17 ‡2undef
080 . ‡a291 ‡2undef
080 . ‡a316.6 ‡2undef
080 . ‡a316.7 ‡2undef
1001 . ‡aGirard, René, ‡d1923- ‡7jn19990002699 ‡4aut
24510. ‡aObětní beránek / ‡cRené Girard ; [z francouzského originálu přeložila Helena Beguivinová]
260 . ‡aPraha : ‡bNLN, Nakladatelství Lidové noviny, ‡c1997
300 . ‡a251 s. ; ‡c21 cm
4901 . ‡aMythologie. Studie ; ‡vsv. 3
500 . ‡aPoznámky
504 . ‡aObsahuje bibliografické odkazy a rejstřík
65007. ‡amýty ‡7ph123146 ‡xperzekuční stereotypy ‡2czenas
65007. ‡anásilí ‡7ph123444 ‡xsociologické aspekty ‡2czenas
65007. ‡aoběť ‡7ph123643 ‡xsociologické aspekty ‡2czenas
6530 . ‡amímétické násilí ‡azástupná oběť ‡aobětní beránek
655 7. ‡astudie ‡7fd133597 ‡2czenas
7001 . ‡aBeguivinová, Helena, ‡d1951- ‡7jn20010309527 ‡4trl
7650 . ‡tBouc émissaire ‡9Česky
830 0. ‡aMythologie. ‡pStudie
910 . ‡aABG312
901 . ‡a8419 ‡bUnknown ‡c8419 ‡tbiblio

Additional Resources